=LDR 00000nam 2200000 4500 =001 INLIS000000000053429 =990 ##$$a 02201808011 =005 20181018112045 =035 ##$$a 0010-1018000044 =245 1#$$a Buku Pintar Akuntansi Dagang : $b Untuk Orang Awam /$c Hurriyah Badriyah =100 #$$a Hurriyah Badriyah =250 ##$$a Ed. 1 =300 ##$$a 184 hlm. : $b Ilus ; $c 15x23 cm =260 ##$:$b Penerbit HB,$c 2015 =082 ##$$a 657.876 =084 ##$$a 657.876 HUR b =020 ##$$a 602-319-035 =650 ##$$a Akuntansi - Studi dan Pengajaran